| 000 | 00544cam a2200217 a 4500 | ||
|---|---|---|---|
| 001 | 2909810 | ||
| 003 | OSt | ||
| 005 | 20160314125601.0 | ||
| 008 | 880404s1988 nyu 000 1 eng | ||
| 010 | _a 88011857 | ||
| 020 |
_a0517570262 : _c$19.95 |
||
| 040 | _aSeku | ||
| 050 | 0 | 0 |
_aPS 3561 _b.K7 |
| 100 | 1 | _aKrantz, Judith. | |
| 245 | 1 | 0 |
_aTill we meet again / _cJudith Krantz. |
| 260 |
_aNew York : _bCrown, _c1988. |
||
| 300 |
_a534 p. ; _c24 cm. |
||
| 650 | 0 |
_aWomen _xFiction. |
|
| 655 | 7 |
_aLove stories. _2gsafd |
|
| 942 |
_2lcc _cGEN |
||
| 999 |
_c12085 _d12085 |
||